[Event "English Open Championship 2024"]
[Site "Holiday Inn, 212 Abbey End, Kenilworth CV8 1ED, United Kingdom"]
[Date "2024.06.22"]
[Round "5.4"]
[White "Fernandez, Daniel H"]
[Black "Murawski, Jan"]
[Result "1-0"]
[TimeControl "G90 + 30secs/move"]
[WhiteFideId "5801605"]
[BlackFideId "21009287"]
[WhiteElo "2526"]
[BlackElo "2134"]

1. c4 {[%clk 01:29:03]} {[%emt 00:01:49]} c5 {[%clk 01:30:51]} {[%emt
00:00:16]} 2. Nf3 {[%clk 01:29:08]} {[%emt 00:00:25]} Nf6 {[%clk 01:29:34]}
{[%emt 00:01:47]} 3. Nc3 {[%clk 01:28:55]} {[%emt 00:00:43]} e6 {[%clk
01:26:57]} {[%emt 00:03:08]} 4. g3 {[%clk 01:29:17]} {[%emt 00:00:07]} d5
{[%clk 01:27:00]} {[%emt 00:00:27]} 5. cxd5 {[%clk 01:29:43]} {[%emt 00:00:04]}
exd5 {[%clk 01:27:16]} {[%emt 00:00:15]} 6. d4 {[%clk 01:29:19]} {[%emt
00:00:53]} Nc6 {[%clk 01:27:20]} {[%emt 00:00:26]} 7. Bg2 {[%clk 01:29:45]}
{[%emt 00:00:04]} Be6 {[%clk 01:26:30]} {[%emt 00:01:20]} 8. O-O {[%clk
01:29:45]} {[%emt 00:00:30]} Be7 {[%clk 01:25:40]} {[%emt 00:01:20]} 9. dxc5
{[%clk 01:29:23]} {[%emt 00:00:52]} Bxc5 {[%clk 01:24:37]} {[%emt 00:01:33]} 10.
Bg5 {[%clk 01:26:24]} {[%emt 00:03:29]} Be7 {[%clk 01:23:51]} {[%emt 00:01:15]}
11. Ne1 {[%clk 01:22:08]} {[%emt 00:04:47]} O-O {[%clk 01:18:11]} {[%emt
00:06:10]} 12. Nd3 {[%clk 01:21:27]} {[%emt 00:01:11]} Na5 {[%clk 01:01:14]}
{[%emt 00:17:28]} 13. Nf4 {[%clk 01:20:05]} {[%emt 00:01:52]} Nc4 {[%clk
01:00:18]} {[%emt 00:01:25]} 14. b3 {[%clk 01:12:59]} {[%emt 00:07:36]} Nb6
{[%clk 00:58:58]} {[%emt 00:01:50]} 15. Rc1 {[%clk 01:13:27]} {[%emt 00:00:02]}
Ba3 {[%clk 00:42:46]} {[%emt 00:16:42]} 16. Rc2 {[%clk 01:13:54]} {[%emt
00:00:03]} Bf5 {[%clk 00:41:55]} {[%emt 00:01:22]} 17. Rd2 {[%clk 01:10:37]}
{[%emt 00:03:47]} Bb4 {[%clk 00:37:48]} {[%emt 00:04:37]} 18. Bxf6 {[%clk
01:11:03]} {[%emt 00:00:04]} Qxf6 {[%clk 00:35:35]} {[%emt 00:02:42]} 19. Ncxd5
{[%clk 01:11:29]} {[%emt 00:00:04]} Nxd5 {[%clk 00:35:41]} {[%emt 00:00:24]} 20.
Nxd5 {[%clk 01:11:23]} {[%emt 00:00:36]} Qd6 {[%clk 00:36:10]} {[%emt
00:00:02]} 21. Nxb4 {[%clk 01:11:09]} {[%emt 00:00:43]} Qxb4 {[%clk 00:36:39]}
{[%emt 00:00:02]} 22. Rd5 {[%clk 01:10:43]} {[%emt 00:00:56]} Be6 {[%clk
00:34:44]} {[%emt 00:02:24]} 23. Qd4 {[%clk 01:07:30]} {[%emt 00:03:43]} Qa3
{[%clk 00:32:28]} {[%emt 00:02:47]} 24. Rg5 {[%clk 01:06:36]} {[%emt 00:01:23]}
f6 {[%clk 00:32:17]} {[%emt 00:00:42]} 25. Rb5 {[%clk 01:06:23]} {[%emt
00:00:42]} Qxa2 {[%clk 00:29:32]} {[%emt 00:03:14]} 26. Rxb7 {[%clk 01:06:29]}
{[%emt 00:00:25]} Qxe2 {[%clk 00:23:44]} {[%emt 00:06:19]} 27. Re7 {[%clk
01:02:30]} {[%emt 00:04:29]} Rae8 {[%clk 00:22:28]} {[%emt 00:01:45]} 28. Qxa7
{[%clk 01:02:48]} {[%emt 00:00:13]} Rxe7 {[%clk 00:22:56]} {[%emt 00:00:01]} 29.
Qxe7 {[%clk 01:03:07]} {[%emt 00:00:10]} Qa6 {[%clk 00:21:20]} {[%emt
00:02:06]} 30. b4 {[%clk 01:03:13]} {[%emt 00:00:25]} Bc4 {[%clk 00:18:21]}
{[%emt 00:03:29]} 31. Rd1 {[%clk 01:03:10]} {[%emt 00:00:32]} Rb8 {[%clk
00:16:43]} {[%emt 00:02:09]} 32. h4 {[%clk 01:03:20]} {[%emt 00:00:20]} Qa2
{[%clk 00:14:47]} {[%emt 00:02:27]} 33. b5 {[%clk 01:03:15]} {[%emt 00:00:35]}
Qe2 {[%clk 00:13:52]} {[%emt 00:01:24]} 34. Rd8+ {[%clk 01:02:59]} {[%emt
00:00:46]} Rxd8 {[%clk 00:14:21]} {[%emt 00:00:02]} 35. Qxd8+ {[%clk 01:03:18]}
{[%emt 00:00:10]} Kf7 {[%clk 00:14:50]} {[%emt 00:00:02]} 36. b6 {[%clk
01:03:06]} {[%emt 00:00:41]} Qe1+ {[%clk 00:15:18]} {[%emt 00:00:02]} 37. Kh2
{[%clk 01:03:28]} {[%emt 00:00:08]} Qxf2 {[%clk 00:15:46]} {[%emt 00:00:03]} 38.
b7 {[%clk 01:03:15]} {[%emt 00:00:43]} Bf1 {[%clk 00:16:14]} {[%emt 00:00:02]}
39. Qd5+ {[%clk 01:03:36]} {[%emt 00:00:08]} 1-0

[Event "English Open Championship 2024"]
[Site "Holiday Inn, 212 Abbey End, Kenilworth CV8 1ED, United Kingdom"]
[Date "2024.06.22"]
[Round "5.5"]
[White "Verbytski, Oleg"]
[Black "Ghasi, Ameet K"]
[Result "0-1"]
[TimeControl "G90 + 30secs/move"]
[WhiteFideId "495506"]
[BlackFideId "409200"]
[WhiteElo "2008"]
[BlackElo "2496"]

1. e4 {[%emt 00:03:39]} c6 {[%clk 01:25:19]} {[%emt 00:02:03]} 2. d4 {[%clk
01:31:25]} {[%emt 00:00:05]} d5 {[%clk 01:25:35]} {[%emt 00:00:13]} 3. exd5
{[%clk 01:31:52]} {[%emt 00:00:04]} cxd5 {[%clk 01:25:59]} {[%emt 00:00:05]} 4.
c4 {[%clk 01:32:20]} {[%emt 00:00:02]} Nf6 {[%clk 01:26:19]} {[%emt 00:00:09]}
5. Nc3 {[%clk 01:32:40]} {[%emt 00:00:11]} Nc6 {[%clk 01:26:43]} {[%emt
00:00:06]} 6. Nf3 {[%clk 01:33:05]} {[%emt 00:00:05]} a6 {[%clk 01:27:10]}
{[%emt 00:00:04]} 7. c5 {[%clk 01:33:29]} {[%emt 00:00:05]} g6 {[%clk
01:27:34]} {[%emt 00:00:05]} 8. Be2 {[%clk 01:33:53]} {[%emt 00:00:07]} Bg4
{[%clk 01:12:44]} {[%emt 00:15:19]} 9. O-O {[%clk 01:34:17]} {[%emt 00:00:07]}
Bg7 {[%clk 01:12:59]} {[%emt 00:00:15]} 10. Be3 {[%clk 01:33:29]} {[%emt
00:01:18]} Qc7 {[%clk 01:02:47]} {[%emt 00:10:41]} 11. a3 {[%clk 01:28:25]}
{[%emt 00:05:35]} Rd8 {[%clk 00:58:05]} {[%emt 00:05:12]} 12. h3 {[%clk
01:24:52]} {[%emt 00:04:03]} Bf5 {[%clk 00:49:22]} {[%emt 00:09:12]} 13. Re1
{[%clk 01:23:23]} {[%emt 00:02:00]} O-O {[%clk 00:48:50]} {[%emt 00:01:02]} 14.
Rc1 {[%clk 01:20:17]} {[%emt 00:03:35]} Ne4 {[%clk 00:38:43]} {[%emt 00:10:38]}
15. b4 {[%clk 01:02:32]} {[%emt 00:18:15]} Nxc3 {[%clk 00:30:53]} {[%emt
00:08:20]} 16. Rxc3 {[%clk 01:02:52]} {[%emt 00:00:10]} e5 {[%clk 00:30:02]}
{[%emt 00:01:21]} 17. dxe5 {[%clk 01:03:08]} {[%emt 00:00:15]} d4 {[%clk
00:29:30]} {[%emt 00:01:01]} 18. Nxd4 {[%clk 00:50:56]} {[%emt 00:12:42]} Bxe5
{[%clk 00:25:25]} {[%emt 00:04:34]} 19. Rc4 {[%clk 00:47:54]} {[%emt 00:03:31]}
Be6 {[%clk 00:24:56]} {[%emt 00:00:59]} 20. Rc1 {[%clk 00:47:54]} {[%emt
00:00:30]} Bxd4 {[%clk 00:23:04]} {[%emt 00:02:22]} 21. Bxd4 {[%clk 00:47:24]}
{[%emt 00:01:01]} Nxd4 {[%clk 00:23:26]} {[%emt 00:00:08]} 22. Bc4 {[%clk
00:47:47]} {[%emt 00:00:06]} Qf4 {[%clk 00:22:24]} {[%emt 00:01:29]} 23. Bxe6
{[%clk 00:47:02]} {[%emt 00:01:18]} fxe6 {[%clk 00:22:34]} {[%emt 00:00:20]} 24.
Rf1 {[%clk 00:46:01]} {[%emt 00:01:30]} Qxc1 {[%clk 00:21:47]} {[%emt
00:01:17]} 0-1

[Event "English Open Championship 2024"]
[Site "Holiday Inn, 212 Abbey End, Kenilworth CV8 1ED, United Kingdom"]
[Date "2024.06.22"]
[Round "5.6"]
[White "Willow, Jonah B"]
[Black "Khoury, Theo"]
[Result "1/2-1/2"]
[TimeControl "G90 + 30secs/move"]
[WhiteFideId "438804"]
[BlackFideId "480703"]
[WhiteElo "2422"]
[BlackElo "2057"]

1. e4 {[%clk 01:27:22]} {[%emt 00:03:38]} c5 {[%clk 01:30:43]} {[%emt
00:00:17]} 2. Nf3 {[%clk 01:27:47]} {[%emt 00:00:04]} d6 {[%clk 01:31:10]}
{[%emt 00:00:04]} 3. d4 {[%clk 01:28:11]} {[%emt 00:00:06]} cxd4 {[%clk
01:31:37]} {[%emt 00:00:03]} 4. Nxd4 {[%clk 01:28:33]} {[%emt 00:00:07]} Nf6
{[%clk 01:32:03]} {[%emt 00:00:04]} 5. Nc3 {[%clk 01:28:57]} {[%emt 00:00:07]}
a6 {[%clk 01:32:31]} {[%emt 00:00:03]} 6. Bd3 {[%clk 01:28:46]} {[%emt
00:00:40]} e5 {[%clk 01:32:42]} {[%emt 00:00:19]} 7. Nde2 {[%clk 01:29:10]}
{[%emt 00:00:06]} Be7 {[%clk 01:32:22]} {[%emt 00:00:49]} 8. O-O {[%clk
01:29:27]} {[%emt 00:00:12]} O-O {[%clk 01:32:47]} {[%emt 00:00:06]} 9. Ng3
{[%clk 01:29:53]} {[%emt 00:00:04]} g6 {[%clk 01:26:30]} {[%emt 00:06:47]} 10.
Kh1 {[%clk 01:24:26]} {[%emt 00:05:58]} Be6 {[%clk 01:24:39]} {[%emt 00:02:21]}
11. f4 {[%clk 01:20:24]} {[%emt 00:04:32]} exf4 {[%clk 01:24:16]} {[%emt
00:00:53]} 12. Bxf4 {[%clk 01:20:45]} {[%emt 00:00:09]} Nbd7 {[%clk 01:24:30]}
{[%emt 00:00:16]} 13. Bh6 {[%clk 01:15:26]} {[%emt 00:05:49]} Re8 {[%clk
01:24:49]} {[%emt 00:00:10]} 14. Nf5 {[%clk 01:15:03]} {[%emt 00:00:54]} Bxf5
{[%clk 01:14:40]} {[%emt 00:10:39]} 15. exf5 {[%clk 01:15:12]} {[%emt
00:00:20]} Ne5 {[%clk 01:14:41]} {[%emt 00:00:29]} 16. Be2 {[%clk 01:12:05]}
{[%emt 00:03:37]} Qd7 {[%clk 01:05:11]} {[%emt 00:10:02]} 17. Bg5 {[%clk
01:09:09]} {[%emt 00:03:26]} gxf5 {[%clk 00:59:50]} {[%emt 00:05:51]} 18. Bxf6
{[%clk 01:05:47]} {[%emt 00:03:51]} Bxf6 {[%clk 01:00:08]} {[%emt 00:00:12]} 19.
Nd5 {[%clk 01:06:12]} {[%emt 00:00:05]} Bd8 {[%clk 00:55:02]} {[%emt 00:05:36]}
20. Bd3 {[%clk 01:03:47]} {[%emt 00:02:55]} Qe6 {[%clk 00:50:27]} {[%emt
00:05:06]} 21. Bxf5 {[%clk 01:01:47]} {[%emt 00:02:30]} Qh6 {[%clk 00:50:51]}
{[%emt 00:00:05]} 22. c3 {[%clk 00:56:16]} {[%emt 00:06:01]} Kh8 {[%clk
00:48:43]} {[%emt 00:02:38]} 23. Qd4 {[%clk 00:54:28]} {[%emt 00:02:19]} Rg8
{[%clk 00:44:15]} {[%emt 00:04:58]} 24. Rae1 {[%clk 00:51:17]} {[%emt
00:03:40]} Bg5 {[%clk 00:43:21]} {[%emt 00:01:25]} 25. Rf3 {[%clk 00:46:40]}
{[%emt 00:05:06]} Qg7 {[%clk 00:32:24]} {[%emt 00:11:27]} 26. Rg3 {[%clk
00:44:57]} {[%emt 00:02:14]} Rae8 {[%clk 00:31:25]} {[%emt 00:01:29]} 27. Nc7
{[%clk 00:38:10]} {[%emt 00:07:17]} Rd8 {[%clk 00:30:10]} {[%emt 00:01:44]} 28.
Bc2 {[%clk 00:36:40]} {[%emt 00:02:00]} Rd7 {[%clk 00:27:35]} {[%emt 00:03:06]}
29. Nd5 {[%clk 00:36:02]} {[%emt 00:01:08]} Rdd8 {[%clk 00:25:43]} {[%emt
00:02:23]} 30. Qe4 {[%clk 00:32:43]} {[%emt 00:03:47]} Qh6 {[%clk 00:22:20]}
{[%emt 00:03:53]} 31. Rf1 {[%clk 00:24:38]} {[%emt 00:08:35]} Rg7 {[%clk
00:21:03]} {[%emt 00:01:47]} 32. Rh3 {[%clk 00:14:02]} {[%emt 00:11:06]} Qg6
{[%clk 00:21:16]} {[%emt 00:00:18]} 33. Qe2 {[%clk 00:13:58]} {[%emt 00:00:34]}
Qe6 {[%clk 00:21:10]} {[%emt 00:00:35]} 34. c4 {[%clk 00:11:33]} {[%emt
00:02:55]} Qg4 {[%clk 00:17:08]} {[%emt 00:04:33]} 35. Qxg4 {[%clk 00:09:42]}
{[%emt 00:02:22]} Nxg4 {[%clk 00:17:33]} {[%emt 00:00:05]} 36. Bf5 {[%clk
00:09:15]} {[%emt 00:00:56]} Ne5 {[%clk 00:17:54]} {[%emt 00:00:08]} 37. b3
{[%clk 00:09:30]} {[%emt 00:00:15]} b5 {[%clk 00:17:35]} {[%emt 00:00:50]} 38.
cxb5 {[%clk 00:09:37]} {[%emt 00:00:23]} axb5 {[%clk 00:18:00]} {[%emt
00:00:04]} 39. a4 {[%clk 00:09:42]} {[%emt 00:00:25]} bxa4 {[%clk 00:17:17]}
{[%emt 00:01:14]} 40. bxa4 {[%clk 00:10:08]} {[%emt 00:00:04]} f6 {[%clk
00:16:15]} {[%emt 00:01:31]} 41. Be4 {[%clk 00:09:38]} {[%emt 00:00:59]} Ra7
{[%clk 00:16:03]} {[%emt 00:00:43]} 42. Ra1 {[%clk 00:08:33]} {[%emt 00:01:35]}
Rc8 {[%clk 00:14:08]} {[%emt 00:02:24]} 43. Rha3 {[%clk 00:07:53]} {[%emt
00:01:11]} Rc4 {[%clk 00:13:04]} {[%emt 00:01:33]} 44. Bf3 {[%clk 00:06:04]}
{[%emt 00:02:20]} Ra5 {[%clk 00:12:23]} {[%emt 00:01:11]} 45. Nc3 {[%clk
00:04:30]} {[%emt 00:02:05]} Nxf3 {[%clk 00:12:13]} {[%emt 00:00:40]} 46. gxf3
{[%clk 00:04:58]} {[%emt 00:00:01]} d5 {[%clk 00:12:32]} {[%emt 00:00:11]} 47.
Nb5 {[%clk 00:04:19]} {[%emt 00:01:10]} d4 {[%clk 00:12:33]} {[%emt 00:00:28]}
48. Nd6 {[%clk 00:04:08]} {[%emt 00:00:41]} Rb4 {[%clk 00:11:44]} {[%emt
00:01:20]} 49. Ne4 {[%clk 00:03:31]} {[%emt 00:01:06]} Kg7 {[%clk 00:10:53]}
{[%emt 00:01:20]} 50. Kg2 {[%clk 00:03:03]} {[%emt 00:00:59]} Kf7 {[%clk
00:10:59]} {[%emt 00:00:24]} 51. Nf2 {[%clk 00:01:54]} {[%emt 00:01:39]} Be3
{[%clk 00:10:48]} {[%emt 00:00:41]} 52. Nd3 {[%clk 00:02:09]} {[%emt 00:00:16]}
Rc4 {[%clk 00:11:03]} {[%emt 00:00:14]} 53. R1a2 {[%clk 00:01:38]} {[%emt
00:01:00]} Ke7 {[%clk 00:11:20]} {[%emt 00:00:14]} 54. f4 {[%clk 00:01:47]}
{[%emt 00:00:21]} Kd6 {[%clk 00:11:16]} {[%emt 00:00:33]} 55. Kf3 {[%clk
00:02:01]} {[%emt 00:00:16]} Kd5 {[%clk 00:11:29]} {[%emt 00:00:17]} 56. Ra1
{[%clk 00:02:15]} {[%emt 00:00:16]} Bd2 {[%clk 00:10:10]} {[%emt 00:01:49]} 57.
R1a2 {[%clk 00:02:22]} {[%emt 00:00:24]} Bc3 {[%clk 00:10:10]} {[%emt
00:00:30]} 58. Nf2 {[%clk 00:02:12]} {[%emt 00:00:40]} Rb4 {[%clk 00:09:35]}
{[%emt 00:01:05]} 59. Ne4 {[%clk 00:02:15]} {[%emt 00:00:27]} Kc4 {[%clk
00:08:28]} {[%emt 00:01:37]} 60. Nd6+ {[%clk 00:02:12]} {[%emt 00:00:33]} Kd5
{[%clk 00:07:34]} {[%emt 00:01:24]} 61. Ne4 {[%clk 00:02:38]} {[%emt 00:00:04]}
Bb2 {[%clk 00:07:21]} {[%emt 00:00:42]} 62. Rd3 {[%clk 00:03:04]} {[%emt
00:00:05]} Kc4 {[%clk 00:06:58]} {[%emt 00:00:53]} 63. Ke2 {[%clk 00:02:42]}
{[%emt 00:00:51]} Raxa4 {[%clk 00:07:04]} {[%emt 00:00:25]} 64. Rxa4 {[%clk
00:02:42]} {[%emt 00:00:30]} Rxa4 {[%clk 00:07:31]} {[%emt 00:00:04]} 65. Nxf6
{[%clk 00:02:40]} {[%emt 00:00:31]} Bc3 {[%clk 00:06:33]} {[%emt 00:01:28]} 66.
Ne4 {[%clk 00:02:07]} {[%emt 00:01:02]} Ra2+ {[%clk 00:06:23]} {[%emt
00:00:41]} 67. Nd2+ {[%clk 00:02:36]} Kd5 {[%clk 00:06:43]} {[%emt 00:00:10]}
68. Kd1 {[%clk 00:02:51]} {[%emt 00:00:14]} Ra1+ {[%clk 00:06:11]} {[%emt
00:01:03]} 69. Ke2 {[%clk 00:03:11]} {[%emt 00:00:11]} Rc1 {[%clk 00:06:00]}
{[%emt 00:00:40]} 70. Nf3 {[%clk 00:03:02]} {[%emt 00:00:39]} Ke4 {[%clk
00:05:52]} {[%emt 00:00:39]} 71. Ng5+ {[%clk 00:03:11]} {[%emt 00:00:20]} Kxf4
{[%clk 00:06:07]} {[%emt 00:00:14]} 72. Nxh7 {[%clk 00:03:36]} {[%emt
00:00:06]} Rc2+ {[%clk 00:05:43]} {[%emt 00:00:54]} 73. Kd1 {[%clk 00:03:50]}
{[%emt 00:00:15]} Rxh2 {[%clk 00:06:08]} {[%emt 00:00:06]} 74. Nf6 {[%clk
00:04:19]} Rb2 {[%clk 00:05:30]} {[%emt 00:01:08]} 75. Kc1 {[%clk 00:02:44]}
{[%emt 00:02:05]} Rb5 {[%clk 00:05:10]} {[%emt 00:00:50]} 76. Kc2 {[%clk
00:02:08]} {[%emt 00:01:07]} Kf5 {[%clk 00:03:42]} {[%emt 00:01:57]} 77. Rf3+
{[%clk 00:02:18]} {[%emt 00:00:20]} Ke5 {[%clk 00:03:42]} {[%emt 00:00:30]} 78.
Kd3 {[%clk 00:02:41]} {[%emt 00:00:08]} Ke6 {[%clk 00:03:15]} {[%emt 00:00:56]}
79. Ne4 {[%clk 00:02:48]} {[%emt 00:00:23]} Bb2 {[%clk 00:03:01]} {[%emt
00:00:45]} 80. Kc4 {[%clk 00:02:54]} {[%emt 00:00:23]} Ra5 {[%clk 00:02:58]}
{[%emt 00:00:33]} 81. Nc5+ {[%clk 00:02:34]} {[%emt 00:00:49]} Ke5 {[%clk
00:02:38]} {[%emt 00:00:51]} 82. Rh3 {[%clk 00:01:39]} {[%emt 00:01:25]} Bc3
{[%clk 00:02:14]} {[%emt 00:00:55]} 83. Rh5+ {[%clk 00:02:02]} {[%emt
00:00:06]} Kf4 {[%clk 00:02:35]} {[%emt 00:00:08]} 84. Ne6 {[%clk 00:02:14]}
{[%emt 00:00:19]} Ke3 {[%clk 00:02:56]} {[%emt 00:00:09]} 85. Rxa5 {[%clk
00:02:41]} {[%emt 00:00:03]} Bxa5 {[%clk 00:03:20]} {[%emt 00:00:05]} 86. Nxd4
{[%clk 00:03:08]} {[%emt 00:00:04]} 1/2-1/2

[Event "English Open Championship 2024"]
[Site "Holiday Inn, 212 Abbey End, Kenilworth CV8 1ED, United Kingdom"]
[Date "2024.06.22"]
[Round "5.7"]
[White "Seymour, Timothy P"]
[Black "Wells, Peter K"]
[Result "0-1"]
[TimeControl "G90 + 30secs/move"]
[WhiteFideId "412112"]
[BlackFideId "400327"]
[WhiteElo "2113"]
[BlackElo "2354"]

1. Nf3 {[%clk 01:30:58]} {[%emt 00:00:01]} d5 {[%clk 01:28:19]} {[%emt
00:02:41]} 2. e3 {[%clk 01:31:11]} {[%emt 00:00:17]} c5 {[%clk 01:25:20]}
{[%emt 00:03:29]} 3. b3 {[%clk 01:31:12]} {[%emt 00:00:29]} Nf6 {[%clk
01:23:07]} {[%emt 00:02:43]} 4. Bb2 {[%clk 01:31:36]} {[%emt 00:00:06]} e6
{[%clk 01:21:45]} {[%emt 00:01:52]} 5. Bb5+ {[%clk 01:23:31]} {[%emt 00:08:35]}
Nbd7 {[%clk 01:18:20]} {[%emt 00:03:55]} 6. O-O {[%clk 01:11:43]} {[%emt
00:12:19]} Bd6 {[%clk 01:15:12]} {[%emt 00:03:37]} 7. d4 {[%clk 01:07:58]}
{[%emt 00:04:15]} O-O {[%clk 01:12:03]} {[%emt 00:03:39]} 8. Nbd2 {[%clk
01:04:45]} {[%emt 00:03:43]} a6 {[%clk 00:56:31]} {[%emt 00:16:02]} 9. Bd3
{[%clk 01:00:14]} {[%emt 00:05:01]} b5 {[%clk 00:52:56]} {[%emt 00:04:04]} 10.
c4 {[%clk 00:56:25]} {[%emt 00:04:20]} cxd4 {[%clk 00:48:59]} {[%emt 00:04:27]}
11. Nxd4 {[%clk 00:41:05]} {[%emt 00:15:50]} dxc4 {[%clk 00:43:59]} {[%emt
00:05:31]} 12. bxc4 {[%clk 00:40:06]} {[%emt 00:01:28]} Ne5 {[%clk 00:38:45]}
{[%emt 00:05:43]} 13. Be2 {[%clk 00:37:20]} {[%emt 00:03:17]} bxc4 {[%clk
00:37:34]} {[%emt 00:01:41]} 14. Rc1 {[%clk 00:26:59]} {[%emt 00:10:51]} Bb7
{[%clk 00:29:25]} {[%emt 00:08:39]} 15. Nxc4 {[%clk 00:25:44]} {[%emt
00:01:44]} Nxc4 {[%clk 00:29:46]} {[%emt 00:00:09]} 16. Bxc4 {[%clk 00:24:53]}
{[%emt 00:01:22]} Qb8 {[%clk 00:22:23]} {[%emt 00:07:52]} 17. h3 {[%clk
00:20:48]} {[%emt 00:04:34]} Bxg2 {[%clk 00:20:30]} {[%emt 00:02:24]} 18. Kxg2
{[%clk 00:19:59]} {[%emt 00:01:20]} Qxb2 {[%clk 00:20:56]} {[%emt 00:00:04]} 19.
Nxe6 {[%clk 00:18:24]} {[%emt 00:02:04]} fxe6 {[%clk 00:21:20]} {[%emt
00:00:07]} 20. Qxd6 {[%clk 00:17:52]} {[%emt 00:01:02]} Kh8 {[%clk 00:20:21]}
{[%emt 00:01:29]} 21. Qxe6 {[%clk 00:14:49]} {[%emt 00:03:33]} Rae8 {[%clk
00:15:44]} {[%emt 00:05:07]} 22. Qxa6 {[%clk 00:09:54]} {[%emt 00:05:25]} Ne4
{[%clk 00:13:21]} {[%emt 00:02:53]} 23. Be2 {[%clk 00:10:22]} {[%emt 00:00:02]}
Nxf2 {[%clk 00:10:00]} {[%emt 00:03:50]} 24. Rc5 {[%clk 00:05:01]} {[%emt
00:05:52]} Qd2 {[%clk 00:08:04]} {[%emt 00:02:26]} 25. Qc6 {[%clk 00:00:55]}
{[%emt 00:04:35]} Ng4 {[%clk 00:03:25]} {[%emt 00:05:09]} 26. Rxf8+ {[%clk
00:00:40]} {[%emt 00:00:46]} Rxf8 {[%clk 00:03:52]} {[%emt 00:00:03]} 27. Qf3
{[%clk 00:00:48]} {[%emt 00:00:22]} Qd6 {[%clk 00:00:51]} {[%emt 00:03:30]} 28.
Rf5 {[%clk 00:01:02]} {[%emt 00:00:16]} Qh2+ {[%clk 00:01:10]} {[%emt
00:00:11]} 29. Kf1 {[%clk 00:01:31]} Rxf5 {[%clk 00:01:00]} {[%emt 00:00:07]}
0-1